000
00237 a2200097 4500
001
13790
100
_a
Imam Muslim
245
_a
Saheeh Muslim Sharif (Muterajum Urdu) Jild Doym
260
_a
Karachi
_b
Quran Mahal
_c
090
_c
10779
_d
10779
942
_a
NUST-CAE
_c
M
_c
868
999
_c
248863
_d
248863